Theneecha valarthalum samoohya vanavalkaranavum (Beekeeping and social forestry) (Record no. 40552)

MARC details
000 -LEADER
fixed length control field 00340nam a2200109Ia 4500
082 ## - DEWEY DECIMAL CLASSIFICATION NUMBER
Classification number 638.1
Item number PAD
100 ## - MAIN ENTRY--AUTHOR NAME
Personal name Padmanabhan, P
245 #0 - TITLE STATEMENT
Title Theneecha valarthalum samoohya vanavalkaranavum (Beekeeping and social forestry)
260 ## - PUBLICATION, DISTRIBUTION, ETC. (IMPRINT)
Place of publication Trivandrum
Name of publisher Kerala Bhasha Institute
Year of publication 1991
942 ## - ADDED ENTRY ELEMENTS (KOHA)
Koha item type Books
Holdings
Withdrawn status Lost status Damaged status Not for loan Home library Current library Date acquired Cost, normal purchase price Full call number Accession Number Koha item type
        RRII Library RRII Library 16/12/2021 11.00 638.1 PAD 20851 Books